| 000 | 00540nmm a2200169Ia 4500 | ||
|---|---|---|---|
| 008 | 251105s9999||||xx |||||||||||||||||und|| | ||
| 020 | _a9788476588444 | ||
| 041 | _aspa | ||
| 100 | _aZarka, Yves Charles | ||
| 245 | 0 | _aUn detalle nazi en el pensamiento de Carl Schmitt | |
| 264 |
_a[Madrid, España] : _bAnthropos, _c2007 |
||
| 300 | _a102 páginas | ||
| 490 | _aPensamiento crítico / Pensamiento utópico: crítica y utopía | ||
| 650 | _aHistory of Europe | ||
| 856 | _uhttps://public.digitaliapublishing.com/a/13266 | ||
| 942 | _cCF | ||
| 999 |
_c85177 _d85177 |
||